000 01039nam a2200277 a 4500
001 BRCA_8456
005 20190320210305.0
008 031215m19931994sp-#######---#000-0#spa-#
020 _a8488333013 (Obra completa)
020 _a84883330201 (v.1)
020 _a8488333048 (v.2)
041 _aspa
044 _asp
050 4 _aPQ6322
_b.C47 1993
100 1 _aCervantes Saavedra, Miguel de,
_d1547-1616
_9213
245 1 0 _aObra completa
_cMiguel de Cervantes Saavedra ; edición de Florencio Sevilla Arroyo y Antonio Rey Hazas.
260 _aAlcalá de Henares, España
_bCentro de Estudios Cervantinos
_c1993-1994
300 _a2 v.
_c25 cm.
504 _aIncluye referencias bibliográficas
505 0 _aContenido : v.1. El ingenioso hidalgo don Quijote de la Mancha. -- v.2. Galatea ; Novelas ejemplares ; Persiles y Sigismunda
700 1 _aSevilla Arroyo, Florencio
_eed.
_921179
700 1 _aRey Hazas, Antonio
_eed.
_921180
740 0 _aEl Ingenioso Hidalgo Don Quijote de la Mancha
902 _aCERV
942 _2lcc
_cB
999 _c8123
_d8123